[Event "1.CLZ 24/25,Lysa nad Labem B-TJ Pankrac"]
[Site "Lysa nad Labem"]
[Date "2025.01.19"]
[Round "6.7"]
[White "Jurasek, Miroslav"]
[Black "Petr, Jan"]
[WhiteElo "2264"]
[BlackElo "2041"]
[Result "1/2-1/2"]
[PlyCount "140"]

1. e4 e5 2. Nf3 Nf6 3. Nxe5 d6 4. Nf3 Nxe4 5. d4 d5 6. Bd3 Nc6 7. O-O Be7 8. c4
Nb4 9. Be2 O-O 10. Nc3 Bf5 11. a3 Nxc3 12. bxc3 Nc6 13. cxd5 Qxd5 14. Bf4 Rac8
15. c4 Qe4 16. Be3 Bf6 17. Ra2 Rfd8 18. Rd2 Qe7 19. Qb3 Be4 20. d5 Na5 21. Qa4
b6 22. Bd4 Bxd4 23. Rxd4 Nb7 24. Qb4 Nc5 25. Re1 Qf6 26. Rdd1 Bxf3 27. Bxf3 Re8
28. Qd2 h6 29. Re3 Rxe3 30. Qxe3 Rd8 31. g3 a5 32. Kg2 Qd6 33. h4 Nd7 34. Re1
Nf6 35. Rc1 Nd7 36. Rc3 Nc5 37. Qe2 Nd7 38. Re3 Nf6 39. g4 Qf4 40. Re5 Kf8 41.
Rf5 Qd6 42. g5 hxg5 43. hxg5 Nd7 44. Be4 g6 45. Rf3 Kg7 46. Rg3 Rh8 47. Qd2 Rh4
48. Bd3 Qe5 49. Be2 Qe4+ 50. Bf3 Qd4 51. Qxd4+ Rxd4 52. Be2 Ne5 53. Rc3 f6 54.
gxf6+ Kxf6 55. Kg3 g5 56. Bf1 Ke7 57. c5 Rxd5 58. cxb6 cxb6 59. f4 gxf4+ 60.
Kxf4 Kd6 61. Ke4 Nd7 62. Bc4 Nc5+ 63. Kf4 Rd4+ 64. Ke3 Rh4 65. Be2 Rh3+ 66. Bf3
b5 67. Rc1 b4 68. axb4 axb4 69. Rc4 b3 70. Rb4 Rh2 1/2-1/2

[Event "1.CLZ 24/25,Lysa nad Labem B-TJ Pankrac"]
[Site "Lysa nad Labem"]
[Date "2025.01.19"]
[Round "6.8"]
[White "Vicar, Petr"]
[Black "Juptner, Jan"]
[WhiteElo "2063"]
[BlackElo "2238"]
[Result "0-1"]
[PlyCount "78"]

1. e4 c5 2. Nf3 d6 3. d4 cxd4 4. Nxd4 Nf6 5. Nc3 a6 6. f3 e6 7. Be3 b5 8. a3
Bb7 9. Qd2 Nbd7 10. Be2 Rc8 11. O-O Be7 12. Bf2 O-O 13. Rfd1 g6 14. a4 b4 15.
Na2 d5 16. exd5 Nxd5 17. c4 Bg5 18. Qe1 Ne3 19. Rd3 Nxc4 20. Qxb4 Bd5 21. b3
Nce5 22. Rc3 Rb8 23. Qa3 a5 24. Rd1 Be7 25. Qc1 h5 26. f4 Ng4 27. Bxg4 hxg4 28.
Nc6 Bxc6 29. Rxc6 Qe8 30. Qc2 Nf6 31. Ra6 Ra8 32. Rxa8 Qxa8 33. Qc7 Nd5 34. Qc4
Rc8 35. Qe4 Qc6 36. g3 Qc2 37. Qxc2 Rxc2 38. Nc1 Nc3 39. Re1 Rxc1 0-1

[Event "1.CLZ 24/25,DP Praha-Slavoj Litomerice"]
[Site "Praha"]
[Date "2025.01.19"]
[Round "6.1"]
[White "Sulypa, Oleksandr"]
[Black "Petr, Martin"]
[WhiteElo "2455"]
[BlackElo "2476"]
[Result "1/2-1/2"]

1. d4 d5 2. c4 e6 3. Nc3 Be7 4. Nf3 Nf6 5. Bf4 O-O 6. e3 b6 7. Bd3 dxc4 8. Bxc4
Ba6 9. Qe2 Bxc4 10. Qxc4 c5 11. O-O Nbd7 12. dxc5 bxc5 13. Rfd1 Qa5 14. e4 Rfd8
15. Qe2 Rac8 16. Bg5 h6 17. Bh4 Kf8 18. e5 Ne8 19. Bxe7+ Kxe7 20. Ne4 c4 21.
Qe3 Nxe5 22. Nxe5 Qxe5 23. Qa3+ Nd6 24. Qxa7+ Rd7 25. Nxd6 Qxd6 26. Qa4 Qc6 27.
Qb4+ Qd6 28. Qa4 1/2-1/2

[Event "1.CLZ 24/25,DP Praha-Slavoj Litomerice"]
[Site "Praha"]
[Date "2025.01.19"]
[Round "6.2"]
[White "Hollan, Martin"]
[Black "Burdalev, Kirill"]
[WhiteElo "2332"]
[BlackElo "2353"]
[Result "1/2-1/2"]

1. e4 e5 2. Nf3 Nc6 3. Bb5 Nf6 4. O-O Nxe4 5. d4 Nd6 6. Ba4 e4 7. Ne5 Be7 8.
Re1 O-O 9. Nc3 f5 10. Bb3+ Kh8 11. f3 Nxe5 12. dxe5 Nf7 13. Bxf7 Rxf7 14. fxe4
d6 15. exd6 Qxd6 16. Qxd6 Bxd6 17. Be3 Bd7 18. Bd4 Bb4 19. Rf1 Bxc3 20. Bxc3
Re8 21. e5 Be6 22. Rad1 Kg8 23. h4 Rd7 24. Rxd7 Bxd7 25. Rd1 Bc6 26. Kf2
 1/2-1/2

[Event "1.CLZ 24/25,DP Praha-Slavoj Litomerice"]
[Site "Praha"]
[Date "2025.01.19"]
[Round "6.3"]
[White "Plischki, Sebastian"]
[Black "Hollan, Petr"]
[WhiteElo "2323"]
[BlackElo "2224"]
[Result "1-0"]

1. d4 d5 2. c4 e6 3. Nc3 c5 4. cxd5 cxd4 5. Qa4+ Bd7 6. Qxd4 exd5 7. Qxd5 Nf6
8. Qd1 Bb4 9. Bd2 O-O 10. Nf3 Nc6 11. e3 Bg4 12. Be2 Qe7 13. O-O Rfd8 14. Qc2
Rac8 15. Rfd1 Bxc3 16. Bxc3 Nd5 17. Rac1 Nxc3 18. Rxd8+ Qxd8 19. bxc3 g6 20.
Qa4 Bxf3 21. Bxf3 Qd2 22. Rd1 Qxc3 23. h4 Qf6 24. h5 Kg7 25. Rb1 Rc7 26. Rc1 a6
27. Qa3 h6 28. hxg6 fxg6 29. Qb3 Rf7 30. Qb6 Ne5 31. Qxf6+ Kxf6 32. Bd5 Rd7 33.
e4 Nd3 34. Rc8 Nb4 35. Bb3 Re7 36. f3 Nc6 37. Kf2 Rd7 38. f4 Rd2+ 39. Ke3 Rxg2
40. e5+ Ke7 41. Rc7+ Kd8 42. Rxb7 Na5 43. Rg7 Nxb3 44. axb3 Rg4 45. Kf3 h5 46.
e6 Rg1 47. Ke4 h4 48. Ke5 h3 49. Rh7 Re1+ 50. Kf6 Re4 51. Rh8+ Kc7 52. e7 Rxf4+
53. Kg5 1-0

[Event "1.CLZ 24/25,DP Praha-Slavoj Litomerice"]
[Site "Praha"]
[Date "2025.01.19"]
[Round "6.4"]
[White "Brejnik, Gustav"]
[Black "Pachmann, Ales"]
[WhiteElo "2242"]
[BlackElo "2286"]
[Result "1-0"]

1. d4 Nf6 2. c4 g6 3. g3 Bg7 4. Bg2 O-O 5. Nc3 c5 6. Nf3 cxd4 7. Nxd4 Nc6 8.
O-O Qa5 9. e3 d6 10. Bd2 Qc5 11. Nxc6 bxc6 12. Rc1 Bd7 13. b3 a5 14. h3 Be6 15.
Kh2 Rad8 16. Na4 Qa7 17. Qe1 c5 18. Bxa5 Rb8 19. Bd2 Nd7 20. Qe2 Rfc8 21. Bc3
Nf6 22. Ba1 Bd7 23. Nc3 Rb6 24. f4 Rcb8 25. e4 Ra6 26. Rc2 e6 27. e5 Ne8 28.
Rd1 Qc7 29. Rcd2 Qa5 30. Ne4 Rbb6 31. Bc3 Qa3 32. exd6 Bxc3 33. Nxc3 Rxd6 34.
Nb5 Bxb5 35. cxb5 Rab6 36. Bc6 Rxd2 37. Rxd2 Nf6 38. Qe5 Nd5 39. h4 Qb4 40. Rc2
h5 41. Kh3 Qa3 42. Rc4 Kh7 43. f5 gxf5 44. Bxd5 exd5 45. Qxf5+ Kg7 46. Rf4 Qa7
47. Qxd5 Rxb5 48. Qe5+ Kg8 1-0

[Event "1.CLZ 24/25,DP Praha-Slavoj Litomerice"]
[Site "Praha"]
[Date "2025.01.19"]
[Round "6.5"]
[White "Pribyl, Josef"]
[Black "Hinks-Edwards, Thomas"]
[WhiteElo "2193"]
[BlackElo "2290"]
[Result "1/2-1/2"]

1. d4 Nf6 2. Nf3 e6 3. g3 d5 4. Bg2 b5 5. O-O Bb7 6. c3 Nbd7 7. a4 b4 8. a5 Ba6
9. Re1 Be7 10. cxb4 Bxb4 11. Bd2 Rb8 12. Qc2 O-O 13. Bxb4 Rxb4 14. Nbd2 Qb8 15.
b3 c5 16. e3 Rc8 17. Qa2 Bd3 18. Rec1 c4 19. bxc4 dxc4 20. Qa3 Ne4 21. Nxe4
Bxe4 22. Nd2 Bxg2 23. Kxg2 Qb5 24. Rab1 Rxb1 25. Nxb1 Nf6 26. Nc3 Qb3 27. Qa1
h5 28. Rb1 Qc2 29. Qb2 Qd3 30. h3 Nd5 31. Rc1 Nxc3 32. Qxc3 Qe4+ 33. f3 Qf5 34.
h4 Qb5 35. Rc2 Qa4 36. Rb2 Qd1 37. Rd2 Qe1 38. Rc2 Qd1 39. Rd2 Qe1 40. Rc2 Qb1
41. Rb2 Qd1 1/2-1/2

[Event "1.CLZ 24/25,DP Praha-Slavoj Litomerice"]
[Site "Praha"]
[Date "2025.01.19"]
[Round "6.6"]
[White "Kopriva, Martin"]
[Black "Tuma, Jakub"]
[WhiteElo "2146"]
[BlackElo "2202"]
[Result "1-0"]

1. d4 Nf6 2. c4 g6 3. Nc3 Bg7 4. e4 d6 5. f4 O-O 6. Nf3 c5 7. d5 Bg4 8. Be2
Nbd7 9. O-O a6 10. a4 Ne8 11. Be3 Nc7 12. Qd2 Bxf3 13. Bxf3 Rb8 14. a5 b5 15.
axb6 Rxb6 16. e5 dxe5 17. fxe5 Bxe5 18. Na4 Rb4 19. Nxc5 Nxc5 1-0

[Event "1.CLZ 24/25,DP Praha-Slavoj Litomerice"]
[Site "Praha"]
[Date "2025.01.19"]
[Round "6.7"]
[White "Hajiyev, Kanan"]
[Black "Ret, Adam"]
[WhiteElo "2160"]
[BlackElo "2131"]
[Result "1-0"]

1. d4 d5 2. c4 e6 3. cxd5 exd5 4. Nc3 c6 5. Nf3 Bf5 6. Bg5 Be7 7. Bxe7 Qxe7 8.
e3 Nf6 9. Nh4 Bg4 10. Qc2 Ne4 11. Nf3 Nd7 12. Nxe4 dxe4 13. Nd2 Nf6 14. h3 Be6
15. Bc4 Bxc4 16. Qxc4 O-O 17. Rc1 Nd5 18. a3 Qg5 19. Qf1 f5 20. h4 Qh6 21. g3
Nxe3 22. fxe3 Qxe3+ 23. Qe2 Qxg3+ 24. Qf2 Qc7 25. O-O Rae8 26. Rce1 Rf6 27. Nf3
f4 28. Ne5 e3 29. Qh2 Ref8 30. Kh1 Qd6 31. Nf3 Qd5 32. Re2 Rg6 33. Rg2 e2 34.
Rxe2 Rg3 35. Qf2 Rf6 36. Re8+ Kf7 37. Re5 Qd7 38. Ng5+ Kg8 39. Qe2 Rf8 40. Qe4
g6 41. Rxf4 Rxf4 42. Qxf4 Rg4 43. Re8+ Qxe8 44. Qxg4 Qe1+ 45. Kg2 Qd2+ 46. Kh3
Qd3+ 47. Qf3 Qc4 48. b3 1-0

[Event "1.CLZ 24/25,DP Praha-Slavoj Litomerice"]
[Site "Praha"]
[Date "2025.01.19"]
[Round "6.8"]
[White "Sokolovsky, Jakub"]
[Black "Mikhno, Artem"]
[WhiteElo "2061"]
[BlackElo "1861"]
[Result "1-0"]

1. e4 c5 2. Nf3 d6 3. d4 cxd4 4. Nxd4 Nf6 5. Nc3 e6 6. Be3 Be7 7. Be2 O-O 8.
Qd2 a6 9. O-O-O b5 10. a3 Bb7 11. f3 Nbd7 12. g4 Nb6 13. g5 Nfd7 14. h4 Ne5 15.
f4 Nbc4 16. Bxc4 Nxc4 17. Qd3 Rc8 18. h5 d5 19. exd5 Nxb2 20. Kxb2 Bxa3+ 21.
Kxa3 Qa5+ 22. Kb2 b4 23. Nb1 Bxd5 24. Nb3 Qa4 25. Bd4 Rc6 26. g6 f5 27. h6 Rfc8
28. gxh7+ Kf7 29. Rh2 Be4 30. hxg7 Bxd3 31. Rxd3 Rxc2+ 32. Rxc2 Rxc2+ 33. Kxc2
Qc6+ 34. Kb2 Qg2+ 35. Rd2 1-0

[Event "1.CLZ 24/25,TJ Neratovice-Cesky lev Kolesovice"]
[Site "Neratovice"]
[Date "2025.01.19"]
[Round "6.1"]
[White "Kawulok, Marek"]
[Black "Movsesjan, Sergej"]
[WhiteElo "2229"]
[BlackElo "2590"]
[Result "0-1"]
[PlyCount "84"]

1. e4 c5 2. Nf3 e6 3. d4 cxd4 4. Nxd4 a6 5. Qf3 Ne7 6. Nc3 Nbc6 7. Nxc6 bxc6 8.
Bf4 Ng6 9. Bg3 h5 10. h3 h4 11. Bh2 Qg5 12. Qg4 Qxg4 13. hxg4 e5 14. Na4 Rb8
15. f3 Be7 16. Bg1 d5 17. exd5 cxd5 18. O-O-O d4 19. b3 O-O 20. Bf2 Bd7 21. Nb2
Bb5 22. Nc4 Rfc8 23. Re1 Bxc4 24. Bxc4 Bg5+ 25. Kd1 Rxc4 26. bxc4 Rb2 27. c5
Kf8 28. c6 Ke7 29. Bxd4 Rb1+ 30. Ke2 Rxe1+ 31. Rxe1 exd4 32. Kd3+ Be3 33. Rh1
Nf4+ 34. Ke4 g5 35. c3 Nxg2 36. cxd4 Bf4 37. Kd5 Bd6 38. Rb1 Nf4+ 39. Ke4 Bc7
40. Kf5 f6 41. Re1+ Kf7 42. Rb1 Ne2 0-1

[Event "1.CLZ 24/25,TJ Neratovice-Cesky lev Kolesovice"]
[Site "Neratovice"]
[Date "2025.01.19"]
[Round "6.2"]
[White "Shagbazyan, Taron"]
[Black "Skypala, Ondrej"]
[WhiteElo "2416"]
[BlackElo "2183"]
[Result "1-0"]
[PlyCount "109"]

1. d4 Nf6 2. c4 e6 3. Nc3 Bb4 4. e3 c5 5. Nge2 cxd4 6. exd4 d5 7. a3 Be7 8. Nf4
O-O 9. cxd5 Nxd5 10. Ncxd5 exd5 11. Be2 Nc6 12. O-O Bf6 13. Be3 Qd6 14. Nh5 Bd8
15. Bf3 Bb6 16. b4 Bf5 17. Qd2 Rfe8 18. Rfd1 Be4 19. Be2 Qg6 20. Ng3 Rad8 21.
Rac1 Ne7 22. Bb5 Rf8 23. f3 Bf5 24. Re1 Rc8 25. Bf2 Rxc1 26. Qxc1 Be6 27. Qd2
Nc8 28. Bd3 Qf6 29. Nh5 Qd8 30. Re5 Ne7 31. Bxh7+ Kh8 32. Qg5 Nf5 33. Qxd8 Rxd8
34. Bxf5 Bc7 35. Bxe6 Bxe5 36. Bxf7 Bd6 37. g3 Rf8 38. Bxd5 Rf5 39. Nf4 Bxf4
40. Be4 Rg5 41. Bxb7 Kg8 42. d5 Bb8 43. Bc8 Kf8 44. Bc5+ Ke8 45. Be6 Re5 46.
Kf2 g6 47. h4 Rh5 48. f4 Rh7 49. Kf3 a5 50. d6 axb4 51. axb4 Rb7 52. Bd5 Rh7
53. Bc6+ Kf7 54. d7 Bc7 55. b5 1-0

[Event "1.CLZ 24/25,TJ Neratovice-Cesky lev Kolesovice"]
[Site "Neratovice"]
[Date "2025.01.19"]
[Round "6.3"]
[White "Orsag, Milan"]
[Black "Neuman, Petr"]
[WhiteElo "2222"]
[BlackElo "2434"]
[Result "1/2-1/2"]
[PlyCount "68"]

1. d4 d5 2. c4 e6 3. Nc3 a6 4. cxd5 exd5 5. Bf4 Nf6 6. e3 Bd6 7. Bg3 O-O 8. Bd3
Nc6 9. a3 Be6 10. Nge2 Ne7 11. Qc2 g6 12. O-O c6 13. Rad1 Bf5 14. Rfe1 Bxd3 15.
Qxd3 Nf5 16. Bxd6 Nxd6 17. Nf4 Re8 18. Qc2 Qd7 19. Na4 Qf5 20. Qxf5 Nxf5 21.
Nb6 Rad8 22. Nd3 Nd7 23. Nxd7 Rxd7 24. Rc1 Rde7 25. Kf1 Nd6 26. h4 h6 27. g3
Kg7 28. b3 f6 29. Kg2 Kf7 30. Rh1 Kg7 31. Rhd1 Kf7 32. Rh1 Kg7 33. Rhd1 Kf7 34.
Rh1 Kg7 1/2-1/2

[Event "1.CLZ 24/25,TJ Neratovice-Cesky lev Kolesovice"]
[Site "Neratovice"]
[Date "2025.01.19"]
[Round "6.4"]
[White "Svoboda, Svatopluk"]
[Black "Mik, Tomas"]
[WhiteElo "2345"]
[BlackElo "2080"]
[Result "1-0"]
[PlyCount "43"]

1. e4 e5 2. Nf3 Nc6 3. Bc4 Nf6 4. d4 exd4 5. e5 d5 6. Bb5 Ne4 7. Nxd4 Bc5 8.
Be3 O-O 9. Nxc6 bxc6 10. Bxc5 Nxc5 11. Bxc6 Rb8 12. Qxd5 Qe7 13. O-O Rxb2 14.
Nc3 Rxc2 15. Qd4 Rd8 16. Nd5 Qg5 17. Rfd1 Ne6 18. Qa4 Re2 19. h4 Qh6 20. Ne7+
Kh8 21. Rxd8+ Nxd8 22. Bf3 1-0

[Event "1.CLZ 24/25,TJ Neratovice-Cesky lev Kolesovice"]
[Site "Neratovice"]
[Date "2025.01.19"]
[Round "6.5"]
[White "Fajman, Petr"]
[Black "Walek, Petr"]
[WhiteElo "2085"]
[BlackElo "2256"]
[Result "1/2-1/2"]
[PlyCount "196"]

1. c4 c5 2. Nc3 g6 3. g3 Bg7 4. Bg2 Nc6 5. d3 d6 6. e3 Bf5 7. Nge2 Qd7 8. h3 e5
9. Nd5 Rb8 10. Nec3 Nge7 11. a3 a6 12. Rb1 O-O 13. b4 b5 14. g4 Be6 15. Nxe7+
Nxe7 16. cxb5 axb5 17. e4 cxb4 18. axb4 d5 19. O-O Rfc8 20. Qd2 d4 21. Ne2 h5
22. f3 Rc6 23. Kh2 hxg4 24. fxg4 Rbc8 25. Rb2 Qc7 26. Qe1 Rc2 27. Rxc2 Qxc2 28.
Bg5 Nc6 29. Rf3 Nxb4 30. Qxb4 Qxe2 31. Qxb5 Rc2 32. Rg3 Kh7 33. Qe8 Ra2 34. Qe7
Ra1 35. Rf3 Ra2 36. Rg3 Ra1 37. Rf3 Qe1 38. Rf1 Qc3 39. Rxa1 Qxa1 40. Bf6 Qc1
41. Bxg7 Kxg7 42. Qh4 g5 43. Qf2 Qb1 44. Bf1 Bd7 45. Be2 f6 46. Kg2 Bb5 47. Qf3
Qe1 48. Qf2 Qb1 49. Qf3 Qb2 50. Kf2 Qd2 51. Kg2 Kf7 52. Kh2 Ke7 53. Kg2 Bd7 54.
Qf1 Bb5 55. Qf3 Ba6 56. Qf1 Kd7 57. Qf5+ Ke7 58. Qf3 Bb5 59. Kf2 Bd7 60. Kf1
Bc8 61. Qf2 Ba6 62. Qf3 Qc2 63. Kf2 Bb5 64. Kf1 Bd7 65. Kf2 Be6 66. Qh1 Qd2 67.
Qd1 Qe3+ 68. Kg2 Kf7 69. Qc2 Kg6 70. Bf3 Qe1 71. Qc6 Qd2+ 72. Kg3 Bf7 73. Qb5
Kh6 74. Qa6 Kg7 75. Qb5 Qc2 76. Qa6 Kg6 77. Qb5 Qa2 78. Qb6 Be8 79. Qb8 Qa4 80.
Qc8 Kg7 81. h4 gxh4+ 82. Kxh4 Qa2 83. Kg3 Bf7 84. g5 fxg5 85. Qf5 Qe6 86. Qxg5+
Qg6 87. Qxg6+ Kxg6 88. Kf2 Kg5 89. Bd1 Kf4 90. Ba4 Bg8 91. Bb5 Bh7 92. Bc6 Bg6
93. Bd5 Be8 94. Bb7 Bb5 95. Ke2 Kg3 96. Bd5 Bd7 97. Bc4 Bg4+ 98. Kd2 Kf4
 1/2-1/2

[Event "1.CLZ 24/25,TJ Neratovice-Cesky lev Kolesovice"]
[Site "Neratovice"]
[Date "2025.01.19"]
[Round "6.6"]
[White "Vagner, Tomas"]
[Black "Purnoch, Josef"]
[WhiteElo "2239"]
[BlackElo "2114"]
[Result "0-1"]
[PlyCount "98"]

1. c4 c5 2. Nc3 Nc6 3. g3 g6 4. Bg2 Bg7 5. Nf3 e5 6. d3 Nge7 7. e4 O-O 8. Be3
d6 9. Qd2 Nd4 10. Ne2 Nxe2 11. Kxe2 Nc6 12. h4 Bg4 13. Bh3 f5 14. Bxg4 fxg4 15.
Ne1 h5 16. Kd1 Rb8 17. Rf1 Qd7 18. b3 b5 19. Nc2 a6 20. Bh6 Qf7 21. Bxg7 Kxg7
22. Qe3 Rb7 23. Ke2 Nd4+ 24. Kd2 Qc7 25. Nxd4 cxd4 26. Qg5 Qa5+ 27. Ke2 bxc4
28. dxc4 Qc3 29. Qd2 Qf3+ 30. Ke1 Qxe4+ 31. Qe2 Qc6 32. Rd1 Rf3 33. Rd3 Rbf7
34. Kd1 Qb7 35. Kc2 Rxd3 36. Qxd3 Rf3 37. Qd2 Qe4+ 38. Kb2 d3 39. Ka3 Qd4 40.
Re1 Qc5+ 41. Qb4 e4 42. Ka4 Rxf2 43. Qc3+ Kh7 44. b4 Rxa2+ 45. Kb3 Qf2 46. b5
a5 47. Rb1 a4+ 48. Kb4 Rc2 49. Qe1 Rxc4+ 0-1

[Event "1.CLZ 24/25,TJ Neratovice-Cesky lev Kolesovice"]
[Site "Neratovice"]
[Date "2025.01.19"]
[Round "6.7"]
[White "Veny, Jaume"]
[Black "Movsesian, Julia"]
[WhiteElo "1884"]
[BlackElo "2212"]
[Result "1/2-1/2"]
[PlyCount "50"]

1. Nf3 d5 2. c4 e6 3. e3 Nf6 4. b3 Bd6 5. Bb2 Nbd7 6. d4 b6 7. cxd5 exd5 8. Be2
Qe7 9. O-O O-O 10. Nc3 a6 11. Rc1 Bb7 12. Qc2 Rfe8 13. Nd2 Nf8 14. Bf3 Ne6 15.
g3 Rac8 16. Na4 Ng5 17. Bg2 Nfe4 18. Nf3 Qe6 19. Nxg5 Nxg5 20. Nc3 h5 21. h4
Nh7 22. Bf3 Nf6 23. Ne2 Ne4 24. Nf4 Qf5 25. Bg2 Bxf4 1/2-1/2

[Event "1.CLZ 24/25,Sokol Vysehrad-MGMBA Unichess"]
[Site "Praha"]
[Date "2025.01.19"]
[Round "6.1"]
[White "Bujnoch, Radek"]
[Black "Kourousis, Epameinondas"]
[WhiteElo "2332"]
[BlackElo "2378"]
[Result "1-0"]
[PlyCount "107"]

1. d4 Nf6 2. c4 e6 3. Nf3 b6 4. g3 Bb7 5. Bg2 Be7 6. O-O O-O 7. Nc3 Ne4 8. Bd2
Bf6 9. Re1 d6 10. Ng5 Bxg5 11. Bxg5 Qxg5 12. Nxe4 Bxe4 13. Bxe4 c6 14. Qa4 Rc8
15. Bf3 g6 16. h4 Qe7 17. Red1 a6 18. Rac1 Ra7 19. Rc3 b5 20. cxb5 axb5 21. Qb3
d5 22. Rdc1 Qf6 23. e4 Rd8 24. e5 Qe7 25. a3 Ra4 26. Qd1 Qa7 27. Rd3 Rc8 28.
Qd2 Nd7 29. Bd1 Rc4 30. b4 Rxc1 31. Qxc1 Nb6 32. h5 Qe7 33. Rf3 Kg7 34. Bc2 Nd7
35. Bd3 Qd8 36. Qf4 Qe7 37. Kg2 Rf8 38. Qc1 Ra8 39. h6+ Kg8 40. Qxc6 Rxa3 41.
Bxb5 Rxf3 42. Kxf3 Nf8 43. Qc3 f6 44. Kg2 fxe5 45. dxe5 Qb7 46. Qc5 d4+ 47. Bc6
Qc7 48. Qd6 Qa7 49. b5 g5 50. Be8 g4 51. b6 Qb7+ 52. Qc6 Qb8 53. Qc7 Qxe8 54.
Qg7# 1-0

[Event "1.CLZ 24/25,Sokol Vysehrad-MGMBA Unichess"]
[Site "Praha"]
[Date "2025.01.19"]
[Round "6.2"]
[White "Cernousek, Lukas"]
[Black "Vichnar, David"]
[WhiteElo "2428"]
[BlackElo "2294"]
[Result "1-0"]
[PlyCount "75"]

1. Nf3 d5 2. c4 c6 3. e3 Nf6 4. Nc3 e6 5. b3 Nbd7 6. Bb2 b6 7. Rg1 Bb7 8. g4 c5
9. d3 d4 10. Nb1 e5 11. g5 Ng8 12. Qe2 Qe7 13. Bh3 g6 14. Nbd2 Bg7 15. O-O-O
O-O-O 16. Rde1 Qd6 17. exd4 exd4 18. Kc2 f5 19. gxf6 Ngxf6 20. Ne5 Rde8 21. f4
Kc7 22. Ndf3 Nh5 23. Bc1 Nxe5 24. fxe5 Qf8 25. Ng5 Nf4 26. Bxf4 Qxf4 27. Ne6+
Rxe6 28. Rgf1 Qxe5 29. Rf7+ Kd6 30. Bxe6 Qxe2+ 31. Rxe2 Be5 32. Rxb7 Kxe6 33.
Rxa7 Kd6 34. Ra6 Rb8 35. a4 Kc6 36. Ra7 Bc7 37. Re6+ Kd7 38. Rf6 1-0

[Event "1.CLZ 24/25,Sokol Vysehrad-MGMBA Unichess"]
[Site "Praha"]
[Date "2025.01.19"]
[Round "6.3"]
[White "Serrano, Salvador"]
[Black "Bernasek, Jan"]
[WhiteElo "2276"]
[BlackElo "2508"]
[Result "0-1"]
[PlyCount "94"]

1. d4 Nf6 2. Bg5 e6 3. Nf3 c5 4. d5 exd5 5. e3 Be7 6. Nc3 Qa5 7. Qd2 Nc6 8.
Bxf6 Bxf6 9. Nxd5 Qxd2+ 10. Kxd2 Bd8 11. Rd1 d6 12. Kc1 Be6 13. e4 a6 14. Ne3
Be7 15. Bc4 O-O-O 16. c3 h6 17. h4 Rhe8 18. Bd5 Kc7 19. Nf5 Bf8 20. h5 Bxd5 21.
exd5 Ne5 22. Rh3 Ng4 23. Rd2 g6 24. N5h4 g5 25. Nf5 Nf6 26. Rh1 g4 27. Nh2 Re5
28. Ng3 Rde8 29. Rhd1 Rg5 30. Rd3 Nd7 31. Re3 Rxe3 32. fxe3 Bg7 33. Rf1 Be5 34.
Ne4 Rxh5 35. Nxg4 f5 36. Nxe5 Nxe5 37. Ng3 Rg5 38. Nxf5 Rxg2 39. Nxh6 Nd3+ 40.
Kb1 Rxb2+ 41. Ka1 Rc2 42. Rf7+ Kb6 43. a4 Rxc3 44. Nf5 Ka5 45. Nxd6 Kxa4 46.
Nxb7 Kb3 47. Nxc5+ Rxc5 0-1

[Event "1.CLZ 24/25,Sokol Vysehrad-MGMBA Unichess"]
[Site "Praha"]
[Date "2025.01.19"]
[Round "6.4"]
[White "Simek, Petr"]
[Black "Jurek, Josef"]
[WhiteElo "2311"]
[BlackElo "2196"]
[Result "1-0"]
[PlyCount "74"]

1. d4 Nf6 2. c4 e6 3. g3 d5 4. Bg2 dxc4 5. Nf3 a6 6. O-O Nc6 7. e3 Bd7 8. Qe2
b5 9. b3 cxb3 10. axb3 Be7 11. Bd2 O-O 12. Rc1 Nd5 13. Ne1 Ndb4 14. Bxb4 Nxb4
15. Bxa8 Qxa8 16. Rxc7 Rd8 17. Nd2 Bd6 18. Rxd7 Rxd7 19. Qxb5 Rd8 20. Qa5 Be7
21. Rc1 Rd5 22. Qc7 Qe8 23. Nef3 h5 24. h4 g6 25. Ne5 Kg7 26. Ndf3 Bd6 27. Qa7
Bb8 28. Rc8 Bxa7 29. Rxe8 Rb5 30. Re7 Bb8 31. Rxf7+ Kg8 32. Re7 Bxe5 33. Nxe5
Rb6 34. Nd7 Rc6 35. Nc5 Rc8 36. Rxe6 Kf7 37. Rb6 a5 1-0

[Event "1.CLZ 24/25,Sokol Vysehrad-MGMBA Unichess"]
[Site "Praha"]
[Date "2025.01.19"]
[Round "6.5"]
[White "Netusil, Miloslav"]
[Black "Soucek, Petr"]
[WhiteElo "2145"]
[BlackElo "2230"]
[Result "0-1"]
[PlyCount "74"]

1. d4 Nf6 2. Nc3 d5 3. Bf4 a6 4. e3 e6 5. Nf3 c5 6. Be2 Nc6 7. O-O b5 8. Ne5
Bb7 9. Bf3 Nxe5 10. Bxe5 Nd7 11. Bg3 cxd4 12. exd4 Be7 13. Ne2 O-O 14. c3 Qb6
15. a3 a5 16. Nf4 b4 17. axb4 axb4 18. Rxa8 Rxa8 19. Re1 Bf8 20. Nd3 bxc3 21.
bxc3 Ra3 22. Qc2 Qb3 23. Qb1 Ba6 24. Nb4 Qxc3 25. Nxa6 Rxa6 26. Rd1 g6 27. Bf4
Nb6 28. h4 h5 29. Be2 Nc4 30. Qb8 Qb4 31. Qc8 Ra2 32. Bf1 Nd6 33. Qd8 Nf5 34.
Be5 Qe7 35. Qc8 Qxh4 36. Rb1 Qxf2+ 37. Kh2 Nxd4 0-1

[Event "1.CLZ 24/25,Sokol Vysehrad-MGMBA Unichess"]
[Site "Praha"]
[Date "2025.01.19"]
[Round "6.6"]
[White "Rehorek, Martin"]
[Black "Sedy, Pavel"]
[WhiteElo "2256"]
[BlackElo "2141"]
[Result "1-0"]
[PlyCount "125"]

1. Nf3 d5 2. e3 Nf6 3. c4 e6 4. b3 Be7 5. Bb2 O-O 6. Nc3 Nbd7 7. d4 c5 8. Be2
cxd4 9. exd4 dxc4 10. bxc4 b6 11. O-O Bb7 12. Qb3 Ne4 13. Nxe4 Bxe4 14. Qe3 Nf6
15. Rfd1 Re8 16. Ne5 Qc7 17. Rac1 Rac8 18. f4 Qb7 19. g3 Bd6 20. h3 Rcd8 21.
Kh2 h5 22. Re1 g6 23. Bd1 Qa6 24. a3 Ba8 25. Bf3 Qc8 26. Qc3 Bf8 27. Kg2 Bg7
28. Bxa8 Qxa8+ 29. Qf3 Qxf3+ 30. Kxf3 Rc8 31. g4 Red8 32. f5 exf5 33. gxf5 gxf5
34. d5 Ne4 35. Rg1 Kh7 36. Rxg7+ Kxg7 37. Nc6+ f6 38. Nxd8 Rxd8 39. Kf4 Nd6 40.
c5 bxc5 41. Rxc5 Kg6 42. Bd4 Re8 43. Be3 Re4+ 44. Kf3 Ra4 45. Rc3 Nb5 46. Rd3
Nxa3 47. d6 Nc4 48. Bf4 Nxd6 49. Rxd6 Ra3+ 50. Be3 a6 51. h4 Kf7 52. Kf4 Ra1
53. Rxf6+ Ke7 54. Rxf5 a5 55. Rxh5 Kf7 56. Rf5+ Kg8 57. h5 a4 58. Kg5 Re1 59.
Bc5 Re2 60. Kg6 Rg2+ 61. Rg5 Rc2 62. Rf5 Rg2+ 63. Kh6 1-0

[Event "1.CLZ 24/25,Sokol Vysehrad-MGMBA Unichess"]
[Site "Praha"]
[Date "2025.01.19"]
[Round "6.7"]
[White "Filipi, Stepan"]
[Black "Juhanak, Daniel"]
[WhiteElo "2132"]
[BlackElo "2079"]
[Result "1-0"]
[PlyCount "143"]

1. e4 e6 2. d4 d5 3. Nc3 Bb4 4. e5 c5 5. a3 Bxc3+ 6. bxc3 Nc6 7. Nf3 Qa5 8. Bd2
c4 9. g3 Bd7 10. Bh3 h6 11. O-O O-O-O 12. Nh4 g5 13. Ng2 f5 14. exf6 Nxf6 15.
Ne3 h5 16. f4 g4 17. Bg2 h4 18. Rb1 hxg3 19. hxg3 Qxa3 20. Qe2 Qe7 21. Rfe1 Qh7
22. Nf1 Qxc2 23. Rec1 Qh7 24. f5 exf5 25. Bf4 Ne4 26. Qb2 Be6 27. Qa3 Qd7 28.
Rb2 Rh7 29. Rcb1 Qe7 30. Qa1 Qe8 31. Rb6 Nd6 32. R6b2 Ne4 33. Rb6 Nd6 34. R6b2
Rc7 35. Ne3 Qf7 36. Qa3 Ne4 37. Bxe4 fxe4 38. Qa4 Qd7 39. Rb5 Rh8 40. Ng2 Rh7
41. Bxc7 Qxc7 42. Rxb7 Qxb7 43. Rxb7 Kxb7 44. Qb5+ Kc7 45. Nf4 Re7 46. Nxe6+
Rxe6 47. Qxd5 Re7 48. Kf2 Re8 49. Qf7+ Re7 50. Qxc4 Kd7 51. Qd5+ Kc7 52. Ke2 e3
53. Qc5 Kd7 54. Qf5+ Kd6 55. Qxg4 a5 56. Qf4+ Kd5 57. Qf5+ Kd6 58. Qc5+ Kd7 59.
g4 a4 60. Qd5+ Kc7 61. Qc4 Kd6 62. Qxa4 Re4 63. g5 Rg4 64. Qa3+ Kd7 65. Qc5 Ne7
66. Qb5+ Kd6 67. Qe5+ Kd7 68. c4 Rg1 69. d5 Rc1 70. Qe6+ Kd8 71. c5 Rg1 72. c6
 1-0

[Event "1.CLZ 24/25,Sokol Vysehrad-MGMBA Unichess"]
[Site "Praha"]
[Date "2025.01.19"]
[Round "6.8"]
[White "Tesar, Jakub"]
[Black "Svatos, Jan"]
[WhiteElo "2103"]
[BlackElo "2168"]
[Result "0-1"]
[PlyCount "100"]

1. d4 Nf6 2. c4 c5 3. d5 e6 4. Nc3 exd5 5. cxd5 d6 6. Nf3 g6 7. Nd2 Bg7 8. e4
O-O 9. Be2 Re8 10. O-O Nbd7 11. h3 a6 12. a4 b6 13. Re1 Bh6 14. Qc2 Ne5 15. Rf1
Nh5 16. Bxh5 gxh5 17. f4 Ng6 18. Nc4 f5 19. exf5 Nh4 20. Qd1 Nxf5 21. Qxh5 Bg7
22. Kh2 Rb8 23. Bd2 Bd7 24. Rfe1 b5 25. axb5 axb5 26. Ne3 Nxe3 27. Rxe3 Rxe3
28. Bxe3 b4 29. Nd1 Qf6 30. Ra6 Re8 31. Qf3 Qf8 32. Ra7 Bf5 33. Qg3 Kh8 34. Nf2
Bxb2 35. Ng4 Bg7 36. Bc1 Ra8 37. Rxa8 Qxa8 38. Nh6 Qf8 39. Qg5 Be4 40. f5 Qf6
41. Qh5 Qe5+ 42. Kh1 Bxd5 43. Qh4 Bf6 44. Qf2 Qc3 45. Bf4 Qxh3+ 46. Kg1 Qh5 47.
Be3 Qd1+ 48. Kh2 Qh5+ 49. Kg1 b3 50. Bc1 Qd1+ 0-1